000 01777nam a22004217a 4500
001 150
003 FISKH
005 20231211150140.0
008 230301b cb ||||| |||| 00| 0 eng d
020 _a9780689831881
040 _aDLC
_cDLC
_dDLC
_dFISKH
_beng
042 _apcc
_alcac
043 _an-us---
050 0 0 _aTL540.E3
_bG67 2000
082 0 0 _a629.13/092
_aB
_221
100 1 _aGormley, Beatrice.
245 1 0 _aAmelia Earhart :
_byoung aviator /
_cby Beatrice Gormley ; illustrated by Meryl Henderson.
250 _a1st Aladdin Paperbacks ed.
260 _aNew York
_bAladdin Paperbacks
_c2000
300 _a271 p.
_c20 cm.
440 0 _aChildhood of famous Americans series
505 _aZ
520 _aA biography of the pilot who was the first woman to fly alone across the Atlantic and who was later lost at sea, attempting to fly around the world.
521 8 _a950
_bLexile
521 8 _aZ
_bRaz-Plus
600 1 0 _aEarhart, Amelia,
_d1897-1937
_vJuvenile literature.
600 1 0 _aEarhart, Amelia,
_d1897-1937
_xChildhood and youth
_vJuvenile literature.
600 1 1 _aEarhart, Amelia,
_d1897-1937.
650 0 _aWomen air pilots
_zUnited States
_vBiography
_vJuvenile literature.
650 1 _aAir pilots.
650 1 _aWomen
_vBiography.
700 1 _aHenderson, Meryl,
_eill.
856 4 2 _3Publisher description
_uhttp://www.loc.gov/catdir/enhancements/fy1117/99059321-d.html
856 4 2 _3Contributor biographical information
_uhttp://www.loc.gov/catdir/enhancements/fy1408/99059321-b.html
906 _a7
_bcbc
_corignew
_d1
_eocip
_f19
_gy-gencatlg
942 _2ddc
_cBK
_n0
999 _c150
_d150